000
00247nam a2200097Ia 4500
001
657830
005
20250826154623.0
008
250824s9999 xx 000 0 und d
245
0
_a
ALTIN IŞIK ANTİK
_c
ANONİM
260
_b
ANTİK DÜNYA KLASİKLERİ
999
_c
657830
_d
657830